[Event "2nd American Continental"]
[Site "Buenos Aires ARG"]
[Date "2003.08.17"]
[Round "1"]
[White "Urchipia, Carlos Daniel"]
[Black "Gomez Baillo, Jorge"]
[Result "0-1"]
[WhiteElo "2173"]
[BlackElo "2429"]
[EventDate "2003.08.17"]
[PlyCount "56"]

1.e4 c6 2.d4 d5 3.Nd2 dxe4 4.Nxe4 Bf5 5.Ng3 Bg6 6.h4 h6 7.Nf3 Nf6 8.h5 Bh7
9.Bd3 Bxd3 10.Qxd3 e6 11.Bf4 Bb4+ 12.c3 Be7 13.c4 Qa5+ 14.Bd2 Qc7 15.O-O-O
b5 16.Kb1 Nbd7 17.Rc1 Qb7 18.Ne5 O-O 19.f3 Rfd8 20.Qe2 bxc4 21.Rxc4 c5 22.
Re1 Nb6 23.Rc2 cxd4 24.Qd3 Rd5 25.Nxf7 Kxf7 26.Qg6+ Kg8 27.Bxh6 Bf8 28.
Rxe6 Qf7 0-1

[Event "2nd American Continental"]
[Site "Buenos Aires ARG"]
[Date "2003.08.17"]
[Round "1"]
[White "Ustariz, Carlos"]
[Black "Zambrana, Oswaldo"]
[Result "0-1"]
[WhiteElo "2130"]
[BlackElo "2404"]
[EventDate "2003.08.17"]
[PlyCount "42"]

1.d4 Nf6 2.c4 e6 3.Nc3 Bb4 4.Qc2 c5 5.dxc5 Na6 6.a3 Bxc3+ 7.Qxc3 Nxc5 8.b4
Nce4 9.Qc2 d5 10.e3 O-O 11.Bd3 b6 12.Nf3 Bb7 13.Bb2 Rc8 14.Qe2 dxc4 15.
Bxc4 Ng4 16.O-O Qc7 17.Rac1 Nc3 18.Qe1 Bxf3 19.g3 Qxc4 20.Qxc3 Qxc3 21.
Bxc3 Nf6 0-1

[Event "2nd American Continental"]
[Site "Buenos Aires ARG"]
[Date "2003.08.17"]
[Round "1"]
[White "Whatley, Andrew"]
[Black "Vescovi, Giovanni"]
[Result "0-1"]
[WhiteElo "2323"]
[BlackElo "2618"]
[EventDate "2003.08.17"]
[PlyCount "100"]

1.d4 Nf6 2.Nf3 e6 3.e3 b6 4.Bd3 Bb7 5.O-O Be7 6.Nbd2 d5 7.b3 c5 8.Ne5 O-O 
9.Bb2 Nbd7 10.Qe2 Rc8 11.f4 Ne4 12.Nxe4 dxe4 13.Bb5 Nf6 14.Rad1 Qc7 15.
dxc5 Qxc5 16.Nd7 Nxd7 17.Rxd7 Bc6 18.Bxc6 Rxc6 19.c4 Rc7 20.b4 Qc6 21.Qg4 
f6 22.Rxc7 Qxc7 23.Qxe6+ Kh8 24.Rd1 Bxb4 25.Rd7 Qc8 26.Qd5 Bc5 27.Bd4 Bxd4
28.Qxd4 h6 29.h3 Qa6 30.c5 Qa3 31.c6 Qc1+ 32.Kh2 Qxc6 33.Rxa7 Re8 34.Rd7 
b5 35.Ra7 Ra8 36.Re7 Re8 37.Ra7 Qe6 38.Kg3 Rc8 39.Qb4 Qb6 40.Ra3 f5 41.Rc3
Rd8 42.Rc2 Qxe3+ 43.Kh2 Qxf4+ 44.g3 Qf1 45.g4 Qf4+ 46.Kg2 Qf3+ 47.Kh2 fxg4
48.hxg4 Rd1 49.Rg2 Qf4+ 50.Rg3 Qf2+ 0-1

[Event "2nd American Continental"]
[Site "Buenos Aires ARG"]
[Date "2003.08.18"]
[Round "2"]
[White "Aguilar, Mauricio"]
[Black "Giampa, Alejandro"]
[Result "1-0"]
[WhiteElo "2133"]
[BlackElo "2271"]
[EventDate "2003.08.17"]
[PlyCount "116"]

1.d4 g6 2.e3 Bg7 3.Bd3 c5 4.c3 d6 5.f4 Nf6 6.Nf3 Nc6 7.O-O O-O 8.Nbd2 e5 
9.dxe5 dxe5 10.Bc2 Qc7 11.f5 Ne7 12.e4 gxf5 13.exf5 Bxf5 14.Bxf5 Nxf5 15.
Qe1 Rae8 16.Ng5 Ne7 17.Rxf6 Bxf6 18.Qh4 Bxg5 19.Qxg5+ Ng6 20.Ne4 f5 21.
Nf6+ Rxf6 22.Qxf6 Qf7 23.Qd6 Qe7 24.Qd5+ Kg7 25.Be3 b6 26.Rd1 f4 27.Bf2 e4
28.c4 Qe6 29.Be1 Qxd5 30.Rxd5 Kf7 31.h4 Ne5 32.Bc3 Nd3 33.Kf1 Ke6 34.Rg5 
Rf8 35.Rg7 Rf7 36.Rg8 Kd7 37.h5 Re7 38.h6 Ke6 39.Rg5 Rd7 40.Rg4 Rf7 41.Rg5
a6 42.a4 Rb7 43.Ke2 Rd7 44.Rg8 Kf5 45.Rg7 Ke6 46.Rg8 Nc1+ 47.Kf2 Nd3+ 48.
Ke2 Kf5 49.Rg7 Ke6 50.Rg8 Nc1+ 51.Kf2 e3+ 52.Kf3 e2 53.Kf2 Rd3 54.Rf8 Re3 
55.Re8+ Kf5 56.Rxe3 fxe3+ 57.Kxe3 Kg5 58.Bd2 Kxh6 1-0

[Event "2nd American Continental"]
[Site "Buenos Aires ARG"]
[Date "2003.08.18"]
[Round "2"]
[White "Bibiloni, Jorge Jaime"]
[Black "Sorin, Ariel"]
[Result "0-1"]
[WhiteElo "2203"]
[BlackElo "2519"]
[EventDate "2003.08.17"]
[PlyCount "68"]

1.e4 e5 2.Nf3 Nc6 3.Bb5 a6 4.Ba4 Nf6 5.O-O Nxe4 6.d4 b5 7.Bb3 d5 8.Nxe5 
Nxe5 9.dxe5 c6 10.c3 Bc5 11.Qe2 Bf5 12.Be3 Qb6 13.Bxc5 Qxc5 14.Nd2 O-O 15.
Kh1 Rae8 16.f4 Re6 17.Nxe4 Bxe4 18.Bc2 Bxc2 19.Qxc2 f6 20.exf6 Rfxf6 21.
Qd2 Qe7 22.Rf2 Re3 23.Raf1 Qe4 24.Kg1 c5 25.g3 d4 26.cxd4 cxd4 27.f5 Rh6 
28.Rg2 d3 29.h4 Rc6 30.Qa5 Qd4 31.Kh2 Re2 32.Rf4 Rxg2+ 33.Kxg2 Qd5+ 34.Kh3
d2 0-1

[Event "2nd American Continental"]
[Site "Buenos Aires ARG"]
[Date "2003.08.18"]
[Round "2"]
[White "Bielicki, Carlos"]
[Black "Benko, Francisco"]
[Result "1-0"]
[WhiteElo "2289"]
[BlackElo "2142"]
[EventDate "2003.08.17"]
[PlyCount "125"]

1.Nf3 f5 2.g3 Nf6 3.Bg2 e6 4.O-O Be7 5.b3 O-O 6.Bb2 c6 7.c4 d5 8.d3 Qe8 9.
Nbd2 Qh5 10.e4 fxe4 11.dxe4 dxe4 12.Ne5 Qxd1 13.Raxd1 Nbd7 14.Nxe4 Nxe5 
15.Bxe5 Ng4 16.Bc3 e5 17.Nd6 Bxd6 18.Rxd6 Re8 19.Re1 Bf5 20.h3 Nh6 21.g4 
Nf7 22.Rd2 Be6 23.Rde2 Bd7 24.Bxe5 Nxe5 25.Rxe5 Rxe5 26.Rxe5 Kf7 27.f4 Rd8
28.Kf1 Bc8 29.Ke2 Rd6 30.c5 Rd4 31.Re4 Rd5 32.Rc4 Rd8 33.Ra4 a6 34.Bf3 h6 
35.Ke3 Kf6 36.h4 Kf7 37.h5 Kf6 38.Rd4 Re8+ 39.Kf2 Kf7 40.Rd6 Re7 41.Be2 
Be6 42.Bd3 Rc7 43.g5 Rd7 44.Rxd7+ Bxd7 45.Ke3 Bg4 46.Bg6+ Ke7 47.Ke4 Be6 
48.Ke5 Bd5 49.gxh6 gxh6 50.f5 Bf3 51.f6+ Kd7 52.Bf5+ Ke8 53.Bc8 Bxh5 54.
Bxb7 Bf3 55.Bxa6 h5 56.Bc8 Bd5 57.Bf5 Kf7 58.Be4 Bxe4 59.Kxe4 Kxf6 60.a4 
Ke6 61.a5 Kd7 62.Kf5 Kc7 63.Kg5 1-0

[Event "2nd American Continental"]
[Site "Buenos Aires ARG"]
[Date "2003.08.18"]
[Round "2"]
[White "Bronstein, Luis Marcos"]
[Black "Nogueiras Santiago, Jesus"]
[Result "1/2-1/2"]
[WhiteElo "2325"]
[BlackElo "2521"]
[EventDate "2003.08.17"]
[PlyCount "48"]

1.e4 g6 2.d4 Bg7 3.Nc3 d6 4.Nf3 Nf6 5.Be2 O-O 6.O-O c6 7.a4 Nbd7 8.a5 Qc7 
9.Be3 e5 10.dxe5 dxe5 11.h3 Rd8 12.Bc4 Nf8 13.Qb1 Be6 14.Qa2 Nh5 15.Rfd1 
Nf4 16.Ng5 Rxd1+ 17.Rxd1 Bxc4 18.Qxc4 h6 19.Bxf4 exf4 20.Nd5 Qd8 21.Nxf7 
cxd5 22.Rxd5 Qc8 23.Qb3 Kh7 24.Rd8 Qxd8 1/2-1/2

[Event "2nd American Continental"]
[Site "Buenos Aires ARG"]
[Date "2003.08.18"]
[Round "2"]
[White "Castaneda, Carlos"]
[Black "Sosa Harrison, Jorge"]
[Result "0-1"]
[WhiteElo "2148"]
[BlackElo "2294"]
[EventDate "2003.08.17"]
[PlyCount "44"]

1.d4 Nf6 2.c4 c5 3.d5 b5 4.cxb5 a6 5.b6 Qxb6 6.Nc3 g6 7.Nf3 Bg7 8.g3 O-O 
9.Bg2 d6 10.O-O a5 11.e4 Ba6 12.Re1 Ng4 13.h3 Ne5 14.Nxe5 Bxe5 15.Qc2 Nd7 
16.Be3 Rfb8 17.Na4 Qb4 18.Bd2 Qc4 19.Bc3 Bb5 20.b3 Bxa4 21.Re3 Bxb3 22.Qd2
Ba4 0-1

[Event "2nd American Continental"]
[Site "Buenos Aires ARG"]
[Date "2003.08.18"]
[Round "2"]
[White "Cordero, Alfredo"]
[Black "Mazziotti Irigoyen, Gabriel"]
[Result "1-0"]
[WhiteElo "2323"]
[BlackElo "2238"]
[EventDate "2003.08.17"]
[PlyCount "79"]

1.Nf3 d5 2.d3 Bg4 3.Nbd2 Nd7 4.e4 e6 5.Be2 Bd6 6.c3 f5 7.Nd4 Bxe2 8.Qxe2 
fxe4 9.dxe4 Qe7 10.Nb5 Ngf6 11.exd5 Nxd5 12.Nxd6+ cxd6 13.Ne4 O-O 14.O-O 
Nf4 15.Bxf4 Rxf4 16.Rae1 d5 17.Ng3 Re8 18.Qe3 Ra4 19.a3 Ra6 20.Qd3 Nc5 21.
Qd1 Qd7 22.Re5 Rb6 23.b4 Na4 24.Qb3 Rc8 25.Re3 Qc6 26.Ne2 Nc5 27.Qd1 Na4 
28.Qd2 Qd7 29.Nd4 e5 30.Rxe5 Nxc3 31.Nf5 Re6 32.Rxe6 Qxe6 33.Qg5 Ne2+ 34.
Kh1 Qf6 35.Ne7+ Kf7 36.Qxf6+ Kxf6 37.Nxc8 Nc3 38.Nd6 d4 39.Nc4 b5 40.Nd2 
1-0

[Event "2nd American Continental"]
[Site "Buenos Aires ARG"]
[Date "2003.08.18"]
[Round "2"]
[White "Daneri, Martin"]
[Black "Altamirano, Benjamin"]
[Result "1-0"]
[WhiteElo "2175"]
[BlackElo "2333"]
[EventDate "2003.08.17"]
[PlyCount "87"]

1.c4 c5 2.Nc3 g6 3.Nf3 Bg7 4.d4 cxd4 5.Nxd4 Nc6 6.Nc2 d6 7.g3 Nf6 8.Bg2 
O-O 9.O-O Be6 10.Ne3 Qd7 11.Ned5 Bh3 12.Bg5 Bxg2 13.Kxg2 Nxd5 14.cxd5 Na5 
15.Qd3 Rfc8 16.Rac1 h6 17.Bf4 a6 18.b3 b5 19.Be3 Nb7 20.Bd4 Nc5 21.Qe3 
Bxd4 22.Qxd4 Qb7 23.f3 Rc7 24.e4 Rac8 25.Qd2 Kh7 26.Ne2 Qb6 27.Rc3 Nd7 28.
Rfc1 Rxc3 29.Rxc3 Rxc3 30.Qxc3 b4 31.Qd4 Qb5 32.Kf2 Ne5 33.Ke3 Qa5 34.Qd2 
Qb5 35.h3 a5 36.f4 Nd7 37.Nd4 Qb6 38.Kf3 Qc5 39.Nc6 e6 40.dxe6 fxe6 41.Nd8
d5 42.Nxe6 dxe4+ 43.Kg2 Qc6 44.Qxd7+ 1-0

[Event "2nd American Continental"]
[Site "Buenos Aires ARG"]
[Date "2003.08.18"]
[Round "2"]
[White "Demaria, Juan Pablo"]
[Black "Ramirez Alvarez, Alejandro"]
[Result "1/2-1/2"]
[WhiteElo "2242"]
[BlackElo "2450"]
[EventDate "2003.08.17"]
[PlyCount "159"]

1.e4 c5 2.Nf3 Nc6 3.d4 cxd4 4.Nxd4 Nf6 5.Nc3 e5 6.Ndb5 d6 7.Nd5 Nxd5 8.
exd5 Nb8 9.c4 Be7 10.Bd3 O-O 11.O-O a6 12.Nc3 f5 13.f3 Nd7 14.Kh1 Bg5 15.
b4 Bxc1 16.Rxc1 Qh4 17.Qe1 Qxe1 18.Rfxe1 b6 19.Bc2 Ra7 20.Ba4 Rc7 21.Bc6 
Bb7 22.Bxd7 Rxd7 23.Na4 b5 24.Nb6 Rdd8 25.c5 dxc5 26.bxc5 Bxd5 27.c6 Rd6 
28.c7 Rxb6 29.c8=Q Rxc8 30.Rxc8+ Kf7 31.Rxe5 Bxa2 32.Rxf5+ Ke6 33.Rfc5 Bd5
34.Re8+ Kd6 35.Rc1 Bc4 36.Ra8 Kc5 37.Kg1 Rc6 38.Ra7 Rg6 39.h4 Kb6 40.Ra8 
Bd5 41.Rd8 Bxf3 42.Kf2 Bb7 43.g4 b4 44.g5 a5 45.Rb1 Kb5 46.Rd4 Rb6 47.Ke3 
Re6+ 48.Kd2 Re5 49.Kd3 Bc8 50.Kd2 Bf5 51.Rf1 b3 52.Kc3 a4 53.Rff4 Rc5+ 54.
Rc4 Rxc4+ 55.Rxc4 Bd7 56.Rf4 Kc5 57.Rf7 Be6 58.Ra7 Kb5 59.Kb2 Bd5 60.Ka3 
Kc4 61.Rxg7 Be4 62.h5 Kc3 63.Rc7+ Kd4 64.Rc8 Bf5 65.Rc7 Ke5 66.Kb2 Kf4 67.
Rg7 Kg4 68.h6 Kh5 69.Ka3 Bg6 70.Rb7 Kxg5 71.Kxa4 Bc2 72.Ka3 Kxh6 73.Rb5 
Kg6 74.Rb6+ Kg5 75.Rb5+ Kg4 76.Rb4+ Kg3 77.Rb5 Bd1 78.Rd5 Bc2 79.Rh5 Kg4 
80.Rxh7 1/2-1/2

[Event "2nd American Continental"]
[Site "Buenos Aires ARG"]
[Date "2003.08.18"]
[Round "2"]
[White "Dobson Aguilar, Luis"]
[Black "Urchipia, Carlos Daniel"]
[Result "1-0"]
[WhiteElo "2330"]
[BlackElo "2173"]
[EventDate "2003.08.17"]
[PlyCount "79"]

1.e4 c5 2.Nf3 Nc6 3.d4 cxd4 4.Nxd4 Nf6 5.Nc3 e5 6.Ndb5 d6 7.Bg5 a6 8.Na3 
b5 9.Bxf6 gxf6 10.Nd5 f5 11.c3 Bg7 12.exf5 Bxf5 13.Nc2 O-O 14.Nce3 Be6 15.
g3 f5 16.Bg2 Ra7 17.f4 Ne7 18.O-O Kh8 19.Kh1 Nxd5 20.Nxd5 a5 21.Qd2 Bxd5 
22.Qxd5 b4 23.Rad1 bxc3 24.bxc3 exf4 25.Rxf4 Bxc3 26.Rxf5 Rd7 27.Rc1 Rxf5 
28.Qxf5 Be5 29.Be4 Kg8 30.Bc6 Rc7 31.Bd5+ Kg7 32.Qg4+ Kh6 33.Qe6+ Kg7 34.
Qg8+ Qxg8 35.Rxc7+ Kh8 36.Bxg8 Kxg8 37.Ra7 Bc3 38.Rd7 Be5 39.Kg2 Kh8 40.
Kf3 1-0

[Event "2nd American Continental"]
[Site "Buenos Aires ARG"]
[Date "2003.08.18"]
[Round "2"]
[White "Estay Torreblanca, Oscar"]
[Black "Marcolino, Antonio Claudio"]
[Result "1-0"]
[WhiteElo "2231"]
[BlackElo "2122"]
[EventDate "2003.08.17"]
[PlyCount "63"]

1.e4 e6 2.Nc3 d5 3.d4 Bb4 4.e5 c5 5.a3 Bxc3+ 6.bxc3 Ne7 7.Nf3 Bd7 8.Rb1 
Qc7 9.Bb5 Nbc6 10.O-O Rc8 11.dxc5 Ng6 12.Re1 O-O 13.Bd3 Nce7 14.Be3 f5 15.
h4 h6 16.h5 Nh8 17.Qd2 Nf7 18.Bd4 Bc6 19.Kh1 Qd8 20.Rg1 g5 21.hxg6 Nxg6 
22.g4 Kh8 23.gxf5 Nh4 24.Nh2 Ng5 25.f6 Rg8 26.Qf4 Ng6 27.Qe3 Rc7 28.Bxg6 
Rxg6 29.f4 Qg8 30.fxg5 Rh7 31.gxh6 Rhxh6 32.Qxh6+ 1-0

[Event "2nd American Continental"]
[Site "Buenos Aires ARG"]
[Date "2003.08.18"]
[Round "2"]
[White "Estrada Nieto, Julian"]
[Black "Arenas, Sergio"]
[Result "0-1"]
[WhiteElo "2332"]
[BlackElo "2155"]
[EventDate "2003.08.17"]
[PlyCount "56"]

1.e4 Nc6 2.Nf3 f5 3.exf5 d5 4.d4 Bxf5 5.Bb5 e6 6.O-O Bd6 7.Bg5 Ne7 8.Nh4 
O-O 9.Re1 h6 10.Nxf5 Rxf5 11.Bxc6 Rxg5 12.Bb5 Ng6 13.Bf1 Qf6 14.Nd2 Rf8 
15.Qe2 Nf4 16.Qe3 Qf5 17.Kh1 Rf6 18.Nf3 Nh3 19.Bd3 Qg4 20.Nxg5 Nxf2+ 21.
Kg1 Bxh2+ 22.Kxh2 hxg5 23.Bf5 Rxf5 24.Qxe6+ Kh7 25.Kg1 Nh3+ 26.Kh2 Nf4 27.
Qxf5+ Qxf5 28.Rf1 Qxc2 0-1

[Event "2nd American Continental"]
[Site "Buenos Aires ARG"]
[Date "2003.08.18"]
[Round "2"]
[White "Ferrara, Alexis"]
[Black "Dolezal, Cristian"]
[Result "0-1"]
[WhiteElo "2210"]
[BlackElo "2410"]
[EventDate "2003.08.17"]
[PlyCount "28"]

1.d4 Nc6 2.c4 e5 3.d5 Nce7 4.Nc3 d6 5.e4 g6 6.Be2 f5 7.f4 Nf6 8.fxe5 dxe5 
9.exf5 Nxf5 10.Nf3 Bc5 11.Bg5 e4 12.Bxf6 Qxf6 13.Nxe4 Bb4+ 14.Kf2 Qb6+ 0-1

[Event "2nd American Continental"]
[Site "Buenos Aires ARG"]
[Date "2003.08.18"]
[Round "2"]
[White "Fiorito, Fabian"]
[Black "Bendana Guerrero, Guy"]
[Result "1-0"]
[WhiteElo "2422"]
[BlackElo "2186"]
[EventDate "2003.08.17"]
[PlyCount "71"]

1.e4 e5 2.Bc4 Nf6 3.d3 Be7 4.Nf3 d6 5.O-O Bg4 6.h3 Bxf3 7.Qxf3 O-O 8.Bb3 
Nc6 9.c3 h6 10.Nd2 Nh7 11.Qe2 Na5 12.Bc2 Nc6 13.Rd1 Bf6 14.Nf1 Bg5 15.Ne3 
g6 16.d4 Qc8 17.dxe5 dxe5 18.Nd5 Bxc1 19.Raxc1 Kg7 20.Ba4 Re8 21.Rd2 Ng5 
22.Rcd1 Re6 23.Bxc6 bxc6 24.Nb4 a5 25.Nd3 Qf8 26.h4 Nh7 27.b4 Qe7 28.g3 
Rd6 29.Nc5 axb4 30.cxb4 Nf6 31.a4 Rad8 32.a5 Rb8 33.Qc4 Qd8 34.Rd3 Nd7 35.
Rxd6 cxd6 36.Rxd6 1-0

[Event "2nd American Continental"]
[Site "Buenos Aires ARG"]
[Date "2003.08.18"]
[Round "2"]
[White "Flores, Diego"]
[Black "Chtcherbine, Andrei"]
[Result "1-0"]
[WhiteElo "2439"]
[BlackElo "2156"]
[EventDate "2003.08.17"]
[PlyCount "41"]

1.e4 c5 2.Nc3 Nc6 3.f4 d6 4.Nf3 g6 5.Bc4 Bg7 6.O-O e6 7.f5 Ne5 8.fxe6 fxe6
9.Bb5+ Bd7 10.d4 Nxf3+ 11.Qxf3 Bxd4+ 12.Kh1 Nf6 13.Bh6 Qe7 14.e5 Bxe5 15.
Qxb7 Rd8 16.Rae1 Ng4 17.Rxe5 Nxh6 18.Nd5 exd5 19.Bxd7+ Rxd7 20.Rxe7+ Kxe7 
21.Re1+ 1-0

[Event "2nd American Continental"]
[Site "Buenos Aires ARG"]
[Date "2003.08.18"]
[Round "2"]
[White "Franco Ocampos, Zenon"]
[Black "Filgueira, Hernan"]
[Result "1/2-1/2"]
[WhiteElo "2520"]
[BlackElo "2376"]
[EventDate "2003.08.17"]
[PlyCount "82"]

1.Nf3 d5 2.d4 Nf6 3.c4 c6 4.Qc2 dxc4 5.Qxc4 Bf5 6.g3 e6 7.Bg2 Be7 8.O-O 
Nbd7 9.Rd1 O-O 10.e3 Ne4 11.Nc3 Nxc3 12.bxc3 Be4 13.Qe2 b5 14.Ne1 Bxg2 15.
Nxg2 Qa5 16.Bd2 Qa4 17.e4 c5 18.Be3 Rac8 19.Nf4 Nb6 20.Rab1 Nc4 21.Bc1 
cxd4 22.cxd4 Rfd8 23.d5 Bf8 24.Rb3 e5 25.Ng2 Nd6 26.f3 b4 27.Be3 Nb5 28.
Ra1 Bc5 29.Bxc5 Rxc5 30.Qb2 Nd4 31.Rxb4 Qe8 32.Ne1 f5 33.Rd1 fxe4 34.fxe4 
Qh5 35.Rd2 Qg5 36.Rf2 Rc1 37.Kf1 Qe3 38.Qd2 Qxe4 39.Rxd4 Rxe1+ 40.Qxe1 
Qxd4 41.Rd2 Qc3 1/2-1/2

[Event "2nd American Continental"]
[Site "Buenos Aires ARG"]
[Date "2003.08.18"]
[Round "2"]
[White "Giardelli, Sergio Carlos"]
[Black "Duarte, Leonardo"]
[Result "1/2-1/2"]
[WhiteElo "2437"]
[BlackElo "2207"]
[EventDate "2003.08.17"]
[PlyCount "73"]

1.c4 e5 2.g3 Nf6 3.Bg2 d5 4.cxd5 Nxd5 5.Nc3 Ne7 6.Nf3 Nbc6 7.b4 a6 8.O-O 
g6 9.Rb1 Bg7 10.a4 O-O 11.b5 axb5 12.axb5 Nd4 13.Nxd4 exd4 14.Ne4 Bg4 15.
h3 Bf5 16.Qc2 h5 17.Rb4 Nd5 18.Rb3 Qd7 19.Kh2 Ra5 20.Qc4 Nb6 21.Qc5 Re8 
22.d3 Re5 23.Qc2 Raxb5 24.Rxb5 Qxb5 25.Qxc7 Nd5 26.Qc2 Bxe4 27.dxe4 Nc3 
28.e3 Rxe4 29.exd4 Bxd4 30.Be3 Rxe3 31.fxe3 Be5 32.Qf2 Qd7 33.Kh1 b5 34.
Qb2 Kg7 35.Rf2 Qd1+ 36.Rf1 Qd7 37.Rf2 1/2-1/2

[Event "2nd American Continental"]
[Site "Buenos Aires ARG"]
[Date "2003.08.18"]
[Round "2"]
[White "Gurevich, Dmitry"]
[Black "Burgos, Carlos"]
[Result "1/2-1/2"]
[WhiteElo "2502"]
[BlackElo "2335"]
[EventDate "2003.08.17"]
[PlyCount "100"]

1.d4 Nf6 2.c4 g6 3.Nc3 d5 4.Nf3 Bg7 5.cxd5 Nxd5 6.Bd2 O-O 7.Rc1 c6 8.e3 
Bg4 9.Be2 Nf6 10.O-O Nbd7 11.Qb3 Qb6 12.Qa3 Rfe8 13.h3 Bxf3 14.Bxf3 e5 15.
d5 e4 16.dxc6 exf3 17.cxd7 Nxd7 18.Nd5 Qb5 19.Qb3 Qxb3 20.axb3 fxg2 21.
Rfd1 Red8 22.Bb4 Nf6 23.Ne7+ Kh8 24.Rxd8+ Rxd8 25.Rc7 Rb8 26.Bc5 Ne8 27.
Bxa7 Nxc7 28.Bxb8 Na6 29.Bd6 Bxb2 30.e4 f6 31.Kxg2 Kg7 32.f4 Kf7 33.f5 Be5
34.Nc8 Bc3 35.Ba3 Be5 36.Bd6 gxf5 37.exf5 Nc7 38.Bxe5 fxe5 39.Nd6+ Kf6 40.
Kf3 Nd5 41.Ke4 Nc3+ 42.Kd3 Nd5 43.Ke4 Nc3+ 44.Kf3 Nd5 45.Nxb7 Kxf5 46.Nd6+
Ke6 47.Nc4 Nc3 48.Ne3 Nb5 49.b4 Nc3 50.Kg4 Nd5 1/2-1/2

[Event "2nd American Continental"]
[Site "Buenos Aires ARG"]
[Date "2003.08.18"]
[Round "2"]
[White "Hernandez Lagos, Hector"]
[Black "Garcia Palermo, Carlos"]
[Result "0-1"]
[WhiteElo "2200"]
[BlackElo "2443"]
[EventDate "2003.08.17"]
[PlyCount "80"]

1.c4 e6 2.Nf3 Nf6 3.d4 b6 4.g3 Bb7 5.Bg2 Bb4+ 6.Bd2 c5 7.O-O Bxd2 8.Nbxd2 
O-O 9.Nb3 Na6 10.dxc5 bxc5 11.Rc1 Rb8 12.Qd2 Qb6 13.Rfd1 Nb4 14.Ra1 Rfc8 
15.Qd6 Qxd6 16.Rxd6 Nxa2 17.Nfd2 Nb4 18.Rxa7 Bxg2 19.Kxg2 Kf8 20.e4 Nc6 
21.Ra3 Ke7 22.Rd3 d6 23.f4 Rc7 24.e5 dxe5 25.Nxc5 Rxb2 26.Rab3 Rc2 27.Rbc3
Rxc3 28.Rxc3 exf4 29.gxf4 Nd4 30.Nd3 Nd5 31.Ra3 Nc2 32.Ra2 Nce3+ 33.Kf3 
Nxc4 34.Nxc4 Rxc4 35.Ra7+ Rc7 36.Ra8 f6 37.h4 h5 38.Rh8 Kf7 39.Ke4 Rc4+ 
40.Kf3 Rd4 0-1

[Event "2nd American Continental"]
[Site "Buenos Aires ARG"]
[Date "2003.08.18"]
[Round "2"]
[White "Jorge, Cristian"]
[Black "Szmetan, Ricardo"]
[Result "1/2-1/2"]
[WhiteElo "2148"]
[BlackElo "2288"]
[EventDate "2003.08.17"]
[PlyCount "93"]

1.e4 c5 2.Nf3 g6 3.d4 cxd4 4.Qxd4 Nf6 5.Bc4 Nc6 6.Qd3 Bg7 7.O-O O-O 8.Nc3 
d6 9.h3 Nd7 10.Be3 Nde5 11.Nxe5 Nxe5 12.Qe2 Nxc4 13.Qxc4 Be6 14.Nd5 Rc8 
15.Qd3 Bxd5 16.exd5 a6 17.c3 Qc7 18.Bd4 Qc4 19.Qxc4 Rxc4 20.Bxg7 Kxg7 21.
Rfe1 Re8 22.Re3 f5 23.a4 f4 24.Rd3 Re4 25.Kf1 g5 26.f3 Re5 27.Re1 Kf6 28.
c4 Rc8 29.b3 b5 30.axb5 axb5 31.Rd4 bxc4 32.bxc4 Rxe1+ 33.Kxe1 e5 34.dxe6 
Kxe6 35.Re4+ Kf6 36.Kd2 Ra8 37.Kd3 Ra3+ 38.Ke2 Ra2+ 39.Kf1 Ra1+ 40.Kf2 
Ra2+ 41.Kf1 h6 42.Kg1 Rd2 43.Kf1 Kg6 44.Re2 Rd1+ 45.Kf2 Kf5 46.Rc2 Ra1 47.
c5 1/2-1/2

[Event "2nd American Continental"]
[Site "Buenos Aires ARG"]
[Date "2003.08.18"]
[Round "2"]
[White "Kanefsck, Gustavo"]
[Black "Campora, Daniel Hugo"]
[Result "0-1"]
[WhiteElo "2389"]
[BlackElo "2510"]
[EventDate "2003.08.17"]
[PlyCount "74"]

1.e4 e5 2.Nf3 Nc6 3.Bc4 Bc5 4.c3 Nf6 5.d3 d6 6.Bb3 Bb6 7.O-O O-O 8.h3 Be6 
9.Nbd2 Bxb3 10.axb3 d5 11.Re1 dxe4 12.Nxe4 Nxe4 13.dxe4 Qxd1 14.Rxd1 Rfd8 
15.Re1 a5 16.Nd2 f6 17.Nc4 Bc5 18.Be3 Be7 19.Red1 Rxd1+ 20.Rxd1 b5 21.Na3 
Bxa3 22.bxa3 a4 23.b4 Rd8 24.Rc1 Rd7 25.Kf1 Nd8 26.Ke2 Nb7 27.Bc5 Kf7 28.
f3 c6 29.g3 Ke6 30.c4 Kf7 31.Rc2 Ke8 32.Rc1 h5 33.h4 Kf7 34.Rc2 g6 35.f4 
Ke6 36.Rc1 f5 37.exf5+ gxf5 0-1

[Event "2nd American Continental"]
[Site "Buenos Aires ARG"]
[Date "2003.08.18"]
[Round "2"]
[White "Kudrin, Sergey"]
[Black "Julia, Ernesto"]
[Result "1-0"]
[WhiteElo "2538"]
[BlackElo "2387"]
[EventDate "2003.08.17"]
[PlyCount "109"]

1.e4 e5 2.Nf3 Nc6 3.Bb5 a6 4.Ba4 d6 5.c3 Bd7 6.O-O g6 7.d4 Bg7 8.d5 Nce7 
9.c4 b5 10.Bc2 c5 11.dxc6 Bxc6 12.Qe2 Qc7 13.Nc3 b4 14.Nd5 Nxd5 15.cxd5 
Bd7 16.Bd3 Qb7 17.Nd2 Ne7 18.Nc4 Nc8 19.a3 O-O 20.Na5 Qb6 21.axb4 f5 22.
Bd2 Ne7 23.Nc4 Qb8 24.f3 g5 25.Bxg5 Ng6 26.exf5 Bxf5 27.Bxf5 Rxf5 28.Bd2 
Qc7 29.Qe4 Rff8 30.Rfc1 Qe7 31.Nb6 Qa7 32.Be3 Rab8 33.Rc6 Qe7 34.g3 Rf7 
35.Rac1 Bf8 36.Rc8 Rb7 37.R1c6 Qf6 38.Bh6 Ne7 39.Qg4+ Qg6 40.Qxg6+ hxg6 
41.Rxf8+ Rxf8 42.Bxf8 Nxc6 43.dxc6 Rxb6 44.c7 Rc6 45.Bxd6 Kf7 46.Bxe5 Ke6 
47.f4 Rc2 48.h4 Kd7 49.g4 Rc4 50.Kf2 Rxb4 51.h5 gxh5 52.gxh5 Rb6 53.Kf3 
Rc6 54.Kg4 Ke7 55.h6 1-0

[Event "2nd American Continental"]
[Site "Buenos Aires ARG"]
[Date "2003.08.18"]
[Round "2"]
[White "Labollita, Martin"]
[Black "Markzon, Gregory"]
[Result "1-0"]
[WhiteElo "2454"]
[BlackElo "2267"]
[EventDate "2003.08.17"]
[PlyCount "69"]

1.Nf3 Nf6 2.c4 g6 3.Nc3 Bg7 4.e4 d6 5.d4 O-O 6.Be3 Na6 7.Be2 e5 8.O-O Qe8 
9.dxe5 dxe5 10.h3 Nh5 11.c5 c6 12.Re1 Nf4 13.Bxa6 bxa6 14.Bxf4 exf4 15.e5 
Bf5 16.Qa4 Qe7 17.Qxc6 Rfc8 18.Qd6 Qb7 19.Nd5 Bf8 20.Nf6+ Kh8 21.Qd4 Bg7 
22.Rac1 Rc7 23.Qxf4 Qxb2 24.Nd4 Be6 25.Qh4 h6 26.Nxe6 fxe6 27.Qe4 Rf8 28.
Qxg6 Bxf6 29.Qxh6+ Kg8 30.exf6 Rxf6 31.Qe3 Rg7 32.c6 Rfg6 33.c7 Rxg2+ 34.
Kh1 Rxf2 35.c8=Q+ 1-0

[Event "2nd American Continental"]
[Site "Buenos Aires ARG"]
[Date "2003.08.18"]
[Round "2"]
[White "Lafuente, Pablo"]
[Black "Di Diego, Osvaldo"]
[Result "1-0"]
[WhiteElo "2431"]
[BlackElo "2061"]
[EventDate "2003.08.17"]
[PlyCount "79"]

1.d4 Nf6 2.c4 g6 3.Nc3 Bg7 4.e4 d6 5.Nf3 O-O 6.Be2 e5 7.O-O Nc6 8.d5 Ne7 
9.b4 Nh5 10.Re1 f5 11.Ng5 Nf6 12.Bf3 a5 13.bxa5 fxe4 14.Ncxe4 Rxa5 15.Bd2 
Ra8 16.Ne6 Bxe6 17.dxe6 Nc6 18.Bc3 Kh8 19.Qb3 Rb8 20.Rab1 Nxe4 21.Bxe4 Nd4
22.Bxd4 exd4 23.Bxg6 Qf6 24.e7 Qxf2+ 25.Kh1 hxg6 26.exf8=Q+ Qxf8 27.Qh3+ 
Kg8 28.Qe6+ Qf7 29.Rxb7 Rxb7 30.Qc8+ Kh7 31.Qxb7 Qxc4 32.Qf3 Qc3 33.Qxc3 
dxc3 34.a4 Bd4 35.a5 Kh6 36.a6 d5 37.Rc1 Bb6 38.Rxc3 c5 39.Rb3 Ba7 40.Rb7 
1-0

[Event "2nd American Continental"]
[Site "Buenos Aires ARG"]
[Date "2003.08.18"]
[Round "2"]
[White "Lanza, Diego"]
[Black "Felgaer, Ruben"]
[Result "0-1"]
[WhiteElo "2067"]
[BlackElo "2551"]
[EventDate "2003.08.17"]
[PlyCount "76"]

1.Nf3 c5 2.g3 Nc6 3.Bg2 g6 4.O-O Bg7 5.d3 e5 6.c3 Nge7 7.e4 O-O 8.Bg5 d6 
9.Nbd2 h6 10.Bxe7 Nxe7 11.Ne1 Be6 12.a3 Qc7 13.c4 f5 14.Bh3 Rab8 15.Nc2 b5
16.b3 bxc4 17.bxc4 Qa5 18.Rb1 Nc6 19.Rxb8 Rxb8 20.Nb1 Rb2 21.Qc1 Rb3 22.
Rd1 Qb6 23.Bf1 Nd4 24.Na1 Rb2 25.Nc3 Qb8 26.Nb5 Rxb5 27.cxb5 Qxb5 28.Nc2 
Nb3 29.Qb2 Qa4 30.Na1 Nd4 31.Qb1 fxe4 32.Qb8+ Kh7 33.Qxd6 exd3 34.Bxd3 e4 
35.Bb5 Qxa3 36.Nc2 Qa2 37.Rc1 Nxb5 38.Qxc5 Nc3 0-1

[Event "2nd American Continental"]
[Site "Buenos Aires ARG"]
[Date "2003.08.18"]
[Round "2"]
[White "Leeuw, Pablo Gabriel"]
[Black "Restuccia, Francisco"]
[Result "1/2-1/2"]
[WhiteElo "2110"]
[BlackElo "2239"]
[EventDate "2003.08.17"]
[PlyCount "98"]

1.e4 e5 2.Nf3 Nc6 3.Bb5 g6 4.d4 exd4 5.Bxc6 dxc6 6.Qxd4 Qxd4 7.Nxd4 Bg7 8.
c3 Bd7 9.Be3 O-O-O 10.Nd2 Re8 11.f3 f5 12.Kf2 c5 13.Ne2 b6 14.Rhe1 Nf6 15.
exf5 Bxf5 16.Ng3 Be6 17.Nde4 Nxe4+ 18.Nxe4 h6 19.Ng3 Rhf8 20.Kg1 a5 21.Ne2
g5 22.Ng3 a4 23.a3 Bb3 24.Bf2 Be5 25.Ne4 Kb7 26.Re2 Bc4 27.Rd2 Kc6 28.Bg3 
Bg7 29.Rad1 Bb3 30.Re1 Re6 31.Rde2 Rfe8 32.Kf2 Bd5 33.Nd2 b5 34.Rxe6+ Rxe6
35.Rxe6+ Bxe6 36.Ke3 Bf5 37.Ne4 b4 38.Be1 bxa3 39.bxa3 Kb5 40.Kd3 c4+ 41.
Kc2 Bf8 42.Kb2 Bxe4 43.fxe4 Bd6 44.h3 Kc6 45.Bf2 Kd7 46.g4 Ke6 47.Bd4 Be5 
48.Kc2 Bd6 49.Kb2 Be5 1/2-1/2